000 01506cam a2200313 a 4500
001 29961
003 BD-RjUL
005 20211209051505.0
008 140408r19681960enk b 000 0 eng d
020 _a063103420X
035 _a(BD-RjUL) 30046
040 _aDLC
_cDLC
_dDLC
_dBD-RjUL
_beng
041 _aeng
082 0 0 _a149.94
_219
_bLOG 1968
245 1 0 _aLogic and language (first series) :
_bessays /
_cby Gilbert Ryle ... [et al.] ; edited with an introduction by Antony Flew.
260 _aOxford :
_bB. Blackwell,
_c c1960. [Reprinted 1968]
300 _avii, 206 p. ;
_c22 cm.
500 _aHalf title has title: Essays on logic and language.
500 _aOriginally published in 1951 under title: Essays on logic and language.
504 _aIncludes bibliographical references.
505 0 _aSystematically misleading expressions / by Gilbert Ryle -- Time / by J.N. Findlay -- Bertrand Russell's doubts about induction / by Paul Edwards -- The philosopher's use of analogy / by Margaret Macdonald -- Is there a problem about sense-data? / by G.A. Paul -- Verifiability / by F. Waismann -- The ascription of responsibility and rights / by H.L.A. Hart -- The language of political theory / by Margaret Macdonald -- Gods / by John Wisdom.
650 0 _aLogic.
_991171
650 0 _aLanguage and languages.
_991172
700 1 _aRyle, Gilbert,
_d1900-1976.
_93417
700 1 _aFlew, Antony,
_d1923-2010.
_991173
942 _2ddc
_cBK
999 _c29961
_d29961